000 00344nam a2200145Ia 4500
008 221030s9999 xx 000 0 und d
020 _a8120346345
041 _aEnglish
100 _aK. Rajagopal
245 0 _aOperations Research
_cby K. Rajagopal
260 _bPHI
_aNew Delhi
_c2015
300 _a595
650 _aManagement
942 _cBK
999 _c16932
_d16932